La vita psichica del potere : teorie del soggetto /

সংরক্ষণ করুন:
গ্রন্থ-পঞ্জীর বিবরন
প্রধান লেখক: Butler, Judith
অন্যান্য লেখক: Bernini, Lorenzo, (1973- ), Zappino, Federico
বিন্যাস: গ্রন্থ
ভাষা:ইতালিয়
প্রকাশিত: Milano ; Udine : Mimesis, 2013
মালা:Mimesis. Volti ; 80
ট্যাগগুলো: ট্যাগ যুক্ত করুন
কোনো ট্যাগ নেই, প্রথমজন হিসাবে ট্যাগ করুন!

MARC

LEADER 00000nam a22000007i 4500
001 IT\ICCU\MOD\1618591
003 ItRI
005 20260115232113.0
008 130806s2013 it |||||| ||||| |||||c
020 |a 9788857516066 
040 |b ita  |c importazione bologna sebina 
041 7 |a ita  |2 ISO-639-2 
100 1 |a Butler, Judith  |0 IT\ICCU\IEIV\045562 
240 1 4 |a The psychic life of power.  |3 IT\ICCU\CFI\0663676  |9 Butler, Judith 
245 1 3 |a La vita psichica del potere :  |b teorie del soggetto /  |c Judith Butler ; a cura di Federico Zappino ; con un dialogo tra Lorenzo Bernini e Federico Zappino Quale futuro per il soggetto queer?. 
260 |a Milano ;  |a Udine :  |b Mimesis,  |c 2013 
300 |a 248 p. :  |b 1 ritratto ;  |c 21 cm. 
700 1 |a Bernini, Lorenzo,  |d  (1973- )  |0 IT\ICCU\MODV\628040 
700 1 |a Zappino, Federico  |0 IT\ICCU\RMBV\280518 
790 1 |a Butler, Judith P.  |3 IT\ICCU\CFIV\161887  |z Butler, Judith 
830 0 |a Mimesis. Volti ;  |v 80  |0 IT\ICCU\TO0\1475783 
942 |2 ddc  |c BK  |n 0 
952 |0 0  |1 0  |4 0  |6 DOC_126_000000000000000_BUT  |7 0  |9 20120  |a BO  |b BO  |d 2026-01-15  |i 20323  |l 0  |o DOC 126 BUT  |p BO20323  |r 2026-01-15 23:21:13  |w 2026-01-15  |x [Sebina 5] [1 v.]  |y BK  |z 1 v. 
999 |c 17154  |d 17154